[Event "SVR-ch Seniors 38th"]
[Site "Nickenich"]
[Date "2015.04.04"]
[Round "7"]
[White "Ningel, Heinz"]
[Black "Kohlei, Rolf"]
[Result "0-1"]
[WhiteElo "1564"]
[BlackElo "1957"]
[PlyCount "70"]
[EventDate "2015.03.27"]
[EventType "swiss"]
[EventRounds "7"]
[EventCountry "GER"]
[SourceTitle "EXT 2016"]
[Source "ChessBase"]
[SourceDate "2015.10.08"]
[SourceVersion "1"]
[SourceVersionDate "2015.10.08"]
[SourceQuality "1"]

1. d4 f5 2. e3 Nf6 3. Bd3 g6 4. Nd2 d5 5. f4 e6 6. Ngf3 a6 7. 0-0 c5 8. c3 Nc6 9. Ne5 Nxe5 10. fxe5 Nd7 11. Qf3 c4 12. Bc2 Qc7 13. g4 Nb6 14. Rf2 Bd7 15. Nf1 0-0-0 16. Bd2 a5 17. b3 Bc6 18. h3 Be7 19. Qd1 Rdg8 20. Kh2 Rg7 21. gxf5 exf5 22. Rg2 Bd7 23. a3 cxb3 24. Bxb3 a4 25. Ba2 Bc6 26. Bb1 Rhg8 27. Bd3 Nc4 28. Bc1 b5 29. Qe2 Kb8 30. Nd2 Ka8 31. Qf2 Qd8 32. Qg1 Qd7 33. Be2 Qe6 34. Bf3 Na5 35. e4 dxe4 0-1

[Event "SVR-ch Seniors 37th"]
[Site "Heimbach Weis"]
[Date "2014.04.19"]
[Round "7"]
[White "Ningel, Heinz"]
[Black "Mross, Winfried"]
[Result "0-1"]
[WhiteElo "1631"]
[BlackElo "1654"]
[PlyCount "76"]
[EventDate "2014.04.11"]
[EventType "tourn"]
[EventRounds "9"]
[EventCountry "GER"]
[SourceTitle "CBM 160 Extra"]
[Source "ChessBase"]
[SourceDate "2014.07.01"]
[SourceVersion "1"]
[SourceVersionDate "2014.07.01"]
[SourceQuality "1"]

1. d4 Nf6 2. e3 g6 3. Bd3 Bg7 4. c3 d6 5. f4 0-0 6. Nf3 Nbd7 7. 0-0 b6 8. Nbd2 Bb7 9. Qe1 c5 10. Qh4 e6 11. Qh3 cxd4 12. exd4 Nd5 13. Ne4 N7f6 14. Nxf6+ Nxf6 15. Bd2 Re8 16. Rae1 a6 17. Bc2 b5 18. a3 Qc7 19. Qh4 a5 20. Bd3 Bc6 21. Rf2 Qd8 22. g4 Rb8 23. Qg3 Qc8 24. h4 h5 25. g5 Ng4 26. Rfe2 Qb7 27. Be4 Bxe4 28. Rxe4 Qd5 29. Nh2 Nxh2 30. Qxh2 b4 31. cxb4 Bxd4+ 32. Kh1 Bxb2 33. bxa5 Qf5 34. Bb4 d5 35. R4e2 Bd4 36. Rc2 e5 37. fxe5 Rxe5 38. Rd1 Qf3+ 0-1

[Event "SVR-ch Seniors 35th"]
[Site "Nickenich"]
[Date "2012.04.06"]
[Round "6"]
[White "Ningel, Heinz"]
[Black "Wieteck, Helmut"]
[Result "1/2-1/2"]
[WhiteElo "1670"]
[BlackElo "1701"]
[PlyCount "57"]
[EventDate "2012.03.30"]
[EventType "swiss"]
[EventRounds "7"]
[EventCountry "GER"]
[SourceTitle "EXT 2013"]
[Source "ChessBase"]
[SourceDate "2012.11.22"]
[SourceVersion "1"]
[SourceVersionDate "2012.11.22"]
[SourceQuality "1"]

1. d4 d5 2. e3 c6 3. Bd3 Nf6 4. f4 Bg4 5. Nf3 e6 6. Nbd2 Nbd7 7. 0-0 Bd6 8. Qe1 0-0 9. Ne5 Bf5 10. e4 dxe4 11. Nxe4 Nxe4 12. Bxe4 Bxe4 13. Qxe4 Nf6 14. Qf3 Qb6 15. c3 Rad8 16. Kh1 Be7 17. b4 Nd7 18. Be3 Qc7 19. Rae1 Nxe5 20. fxe5 f6 21. exf6 Rxf6 22. Qg4 Qd7 23. Rxf6 Bxf6 24. Bg5 Bxg5 25. Qxg5 Rf8 26. Kg1 Qf7 27. Qe3 Kh8 28. h3 Re8 29. Qe5 1/2-1/2

[Event "SVR-ch Seniors 34th"]
[Site "Reil"]
[Date "2011.04.17"]
[Round "3"]
[White "Pandorf, Horst"]
[Black "Ningel, Heinz"]
[Result "1-0"]
[WhiteElo "1702"]
[BlackElo "1602"]
[PlyCount "43"]
[EventDate "2011.04.15"]
[EventType "swiss"]
[EventRounds "7"]
[EventCountry "GER"]
[SourceTitle "EXT 2013"]
[Source "ChessBase"]
[SourceDate "2012.11.22"]
[SourceVersion "1"]
[SourceVersionDate "2012.11.22"]
[SourceQuality "1"]

1. d4 Nf6 2. c4 g6 3. Nc3 Bg7 4. e4 d6 5. Nf3 0-0 6. Be2 Nc6 7. 0-0 e5 8. Bg5 h6 9. Bh4 Bg4 10. h3 Bxf3 11. Bxf3 Nxd4 12. Re1 a6 13. Rc1 Qe8 14. Nd5 Nxd5 15. cxd5 Nxf3+ 16. Qxf3 g5 17. Bg3 Qd7 18. Rc2 f5 19. exf5 Rxf5 20. Qb3 c5 21. dxc6+ Qf7 22. cxb7 1-0